Loading...
| Science - Biology | 0 | 6 | 1 | 0 | 55 | 88 | 113.83 | 0 | 0 | 0.00 | 0.00 |
| Science - Chemistry | 2 | 3 | 2 | 0 | 50 | 39 | 88.20 | 0 | 4 | 0.00 | 0.00 |
| Literature - World | 0 | 3 | 0 | 1 | 30 | 93 | 120.00 | 0 | 1 | 0.00 | 0.00 |
| Beliefs | 0 | 2 | 0 | 0 | 20 | 137 | 143.50 | 0 | 1 | 0.00 | 0.00 |
| Fine Arts - Other | 1 | 0 | 0 | 0 | 15 | 24 | 24.00 | 1 | 1 | 0.00 | 0.00 |
| Fine Arts - Visual | 0 | 2 | 1 | 1 | 15 | 101 | 126.50 | 1 | 1 | 0.00 | 0.00 |
| Philosophy | 0 | 1 | 0 | 1 | 10 | 115 | 115.00 | 0 | 0 | 0.00 | 0.00 |
| History - World | 0 | 1 | 0 | 0 | 10 | 110 | 110.00 | 0 | 0 | 0.00 | 0.00 |
| Literature - British | 0 | 1 | 0 | 1 | 10 | 156 | 156.00 | 0 | 1 | 0.00 | 0.00 |
| Fine Arts - Classical Music and Opera | 0 | 1 | 0 | 0 | 10 | 78 | 78.00 | 1 | 1 | 0.00 | 0.00 |
| Social Science | 0 | 0 | 1 | 0 | -5 | 0.00 | 0 | 0 | 0.00 | 0.00 | |
| Modern World | 0 | 0 | 1 | 0 | -5 | 0.00 | 0 | 0 | 0.00 | 0.00 |